[Event "20e tournoi d'automne"]
[Site "Montigny le Bretonneux"]
[Date "2022.10.28"]
[Round "7.1"]
[White "Orfila, Kristofer"]
[Black "Forissier, Nicolas"]
[Result "1-0"]
[WhiteElo "1740"]
[BlackElo "1922"]
[Annotator "Rivier,Sylvain"]
[PlyCount "65"]
[EventDate "2022.??.??"]

{DÃ©fense GrÃ¼nfeld, variante Alekhine} 1. d4 Nf6 2. c4 g6 3. Nc3 d5 4. cxd5
Nxd5 5. e4 Nxc3 6. bxc3 Bg7 7. Bc4 c5 8. Ne2 Nc6 9. Be3 O-O 10. Rc1 Na5 11. Bd3
c4 12. Bc2 b5 13. Qd2 Re8 14. h4 e5 15. h5 exd4 16. cxd4 Nc6 17. e5 Be6 18. Nf4
Bf5 19. hxg6 fxg6 20. Bxf5 gxf5 21. Nh5 Qa5 22. Qxa5 Nxa5 23. Nxg7 Kxg7 24.
Bh6+ Kg8 25. Rc3 Re6 26. Bg5 Rg6 27. Bf6 Re8 28. Kd1 Nc6 29. Rch3 Nxd4 30. Rxh7
Kf8 31. Rxa7 Rb8 32. Rh8+ Rg8 33. Bg7+ 1-0

[Event "20e tournoi d'automne"]
[Site "Montigny le Bretonneux"]
[Date "2022.10.28"]
[Round "7.2"]
[White "Plantet, Marc"]
[Black "Yu, Matthieu"]
[Result "0-1"]
[WhiteElo "1739"]
[BlackElo "1743"]
[Annotator "Rivier,Sylvain"]
[PlyCount "74"]
[EventDate "2022.??.??"]

{Défense française, variante d'avance} 1. e4 e6 2. d4 d5 3. e5 c5 4. c3 Nc6 5.
Nf3 Qb6 6. Bd3 cxd4 7. cxd4 Bd7 8. O-O Nxd4 9. Nxd4 Qxd4 10. Nc3 a6 11. Qe2 Ne7
12. Rd1 Qb6 13. Be3 Qc7 14. Bf4 Nc6 15. Bg3 Qa5 16. a3 Nd4 17. Qg4 Nb3 18. Ra2
Rc8 19. a4 g6 20. h4 Qb4 21. Qe2 Be7 22. Bc2 Nd4 23. Qd2 Nxc2 24. Qxc2 d4 25.
Qd3 Rc4 26. a5 Bc6 27. Ne4 Bxe4 28. Qxe4 Qb3 29. Qb1 Bc5 30. Rc1 Rxc1+ 31. Qxc1
Qxa2 32. Qxc5 Qd5 33. Qc8+ Qd8 34. Qxb7 Qxa5 35. Qc6+ Kf8 36. Bf4 Kg7 37. Bg5
Qxe5 0-1

[Event "20e tournoi d'automne"]
[Site "Montigny le Bretonneux"]
[Date "2022.10.28"]
[Round "7.3"]
[White "Gouanelle, Franck"]
[Black "Li, Zi-Long"]
[Result "1-0"]
[WhiteElo "2065"]
[BlackElo "1771"]
[Annotator "Rivier,Sylvain"]
[PlyCount "69"]
[EventDate "2022.??.??"]

{Gambit dame} 1. d4 d5 2. c4 e6 3. Nf3 Nf6 4. Nc3 Be7 5. cxd5 exd5 6. Bg5 c6 7.
e3 Bf5 8. Ne5 h6 9. Bf4 O-O 10. Be2 Nbd7 11. Nd3 Re8 12. O-O Bf8 13. a3 a5 14.
Rb1 Ra7 15. Rc1 Bh7 16. Na4 Ne4 17. h3 g5 18. Bh2 f5 19. Re1 Bd6 20. Bxd6 Nxd6
21. Bh5 Re7 22. f4 Nc4 23. Ne5 Ndxe5 24. dxe5 b5 25. Qd4 bxa4 26. Rxc4 gxf4 27.
exf4 Rec7 28. Rxc6 Rxc6 29. Qxa7 Qh4 30. Qa8+ Kg7 31. Qb7+ Kh8 32. Qxc6 Qxe1+
33. Kh2 Qh4 34. Qe8+ Bg8 35. g3 1-0

[Event "20e tournoi d'automne"]
[Site "Montigny le Bretonneux"]
[Date "2022.10.28"]
[Round "7.4"]
[White "Delmas-Goyon, Francois"]
[Black "Divies, Renaud"]
[Result "1/2-1/2"]
[WhiteElo "1899"]
[BlackElo "1930"]
[Annotator "Rivier,Sylvain"]
[PlyCount "99"]
[EventDate "2022.??.??"]

{DÃ©fense moderne} 1. e4 d6 2. d4 g6 3. c3 Bg7 4. Bd3 Nd7 5. f4 e5 6. Nf3 Ne7
7. O-O O-O 8. Be3 exf4 9. Bxf4 h6 10. Na3 g5 11. Bd2 Nf6 12. Qc2 Bg4 13. Nc4 d5
14. Nce5 dxe4 15. Nxg4 exd3 16. Nxf6+ Bxf6 17. Qxd3 Qd7 18. Rae1 Ng6 19. Bc1 b5
20. Nd2 Nf4 21. Qc2 Bg7 22. Ne4 Nd5 23. Kh1 Rae8 24. h3 Qc6 25. Qd3 Re7 26. Ng3
Rfe8 27. Rxe7 Nxe7 28. b3 Nd5 29. Bd2 Nb6 30. Qf5 Qd5 31. Kg1 c6 32. Re1 Rxe1+
33. Bxe1 Bf8 34. Kf1 Qd6 35. Ne4 Qe7 36. Bg3 Bg7 37. Bd6 Qe6 38. Qxe6 fxe6 39.
Ke2 Nd7 40. Kd3 Kf7 41. Nc5 Nxc5+ 42. dxc5 a6 43. c4 b4 44. Ke4 Bf6 45. Bg3 Be7
46. Bf2 Bf8 47. Ke5 Be7 48. Bg1 Bf8 49. Be3 Be7 50. Bf2 1/2-1/2

[Event "20e tournoi d'automne"]
[Site "Montigny le Bretonneux"]
[Date "2022.10.28"]
[Round "7.5"]
[White "Kunne, Ronald"]
[Black "Martin-Breteau, Paul"]
[Result "1/2-1/2"]
[WhiteElo "1533"]
[BlackElo "1329"]
[Annotator "Rivier,Sylvain"]
[PlyCount "70"]
[EventDate "2022.??.??"]

{Défense sicilienne, variante hongroise} 1. e4 c5 2. Nf3 d6 3. d4 cxd4 4. Qxd4
Nc6 5. Bb5 Bd7 6. Qd3 Nf6 7. c4 a6 8. Bxc6 Bxc6 9. Nc3 e6 10. O-O Be7 11. b3
O-O 12. Rd1 b5 13. cxb5 axb5 14. Nd4 Qb6 15. Ndxb5 Ng4 16. Qe2 Bf6 17. Qxg4
Bxb5 18. Be3 Qa5 19. Rac1 Rac8 20. Nxb5 Qxb5 21. Rxd6 Qb4 22. Rdd1 Qa3 23. Qe2
Rfd8 24. Rxd8+ Rxd8 25. Qc2 Qd6 26. g3 h5 27. a4 h4 28. Kg2 Qe5 29. g4 g5 30.
h3 Be7 31. Qc4 Bd6 32. Kf3 Qh2 33. Qf1 Qe5 34. Qc4 Qh2 35. Qf1 Qe5 1/2-1/2

[Event "20e tournoi d'automne"]
[Site "Montigny le Bretonneux"]
[Date "2022.10.28"]
[Round "7.6"]
[White "Duget, Long Jc"]
[Black "Demiro O Domiro, Marc"]
[Result "0-1"]
[WhiteElo "1639"]
[BlackElo "1639"]
[Annotator "Rivier,Sylvain"]
[PlyCount "118"]
[EventDate "2022.??.??"]

{DÃ©fense Caro-Kann} 1. e4 c6 2. d4 d5 3. Nd2 dxe4 4. Nxe4 h6 5. Nf3 Bf5 6. Bd3
e6 7. c3 Nf6 8. Qe2 Nxe4 9. Bxe4 Bxe4 10. Qxe4 Nd7 11. O-O Bd6 12. Re1 Qc7 13.
h3 O-O-O 14. b4 Nf6 15. Qe2 g5 16. Ne5 Nd5 17. Bd2 Bxe5 18. dxe5 Ne7 19. a4 Ng6
20. Be3 Kb8 21. a5 Rd5 22. Bd4 Ne7 23. g4 Nc8 24. Qe3 Rhd8 25. Kg2 Qd7 26. Re2
Rxd4 27. cxd4 Qxd4 28. Qxd4 Rxd4 29. Rb1 a6 30. Rbb2 Ne7 31. Re3 Nd5 32. Re1
Nf4+ 33. Kh2 Kc7 34. Kg3 Kd7 35. h4 Ke7 36. hxg5 hxg5 37. Re3 Nd5 38. Re1 Nxb4
39. Rh1 c5 40. Rh5 Rd7 41. Rxg5 Nc6 42. Ra2 Rd5 43. f4 c4 44. Rh5 Nxa5 45. Rah2
Nb3 46. Rc2 Rc5 47. g5 a5 48. Rch2 c3 49. Rc2 Nd4 50. Rc1 b5 51. g6 fxg6 52.
Rh7+ Kf8 53. Rch1 Nf5+ 54. Kg4 Ng7 55. Kg5 c2 56. Kxg6 c1=Q 57. Rh8+ Ke7 58.
R1h4 Qg1+ 59. Kh7 Nf5 0-1

[Event "20e tournoi d'automne"]
[Site "Montigny le Bretonneux"]
[Date "2022.10.28"]
[Round "7.7"]
[White "Dang, Louis"]
[Black "Rosu, Alexandru"]
[Result "1/2-1/2"]
[WhiteElo "1394"]
[BlackElo "1428"]
[Annotator "Rivier,Sylvain"]
[PlyCount "94"]
[EventDate "2022.??.??"]

{Partie italienne} 1. e4 e5 2. Nf3 Nc6 3. Bc4 Bc5 4. O-O Nf6 5. d3 h6 6. Nbd2
d6 7. Re1 O-O 8. Nf1 Ne7 9. c3 Ng6 10. Be3 Bb6 11. Ng3 Be6 12. Bb3 Qd7 13. h3
Nf4 14. Bxf4 exf4 15. Ne2 Nh5 16. Qd2 g5 17. Bxe6 fxe6 18. d4 Qg7 19. Kf1 Kh8
20. Neg1 Rg8 21. Nh2 Raf8 22. Qe2 Qg6 23. e5 d5 24. Rad1 Ng7 25. Ng4 Nh5 26.
Qd3 Qxd3+ 27. Rxd3 Kh7 28. Nf3 c6 29. Rd2 Bd8 30. Rde2 Ng7 31. Ngh2 Nf5 32. Ng4
h5 33. Nf6+ Bxf6 34. exf6 Rxf6 35. Rxe6 Rxe6 36. Rxe6 Rg7 37. Re5 Kg6 38. Re8
Re7 39. Rh8 g4 40. Ne5+ Kg5 41. hxg4 hxg4 42. Rg8+ Rg7 43. Ra8 a6 44. Rh8 Nd6
45. Ke2 Nf7 46. Re8 Nxe5 47. Rxe5+ Kf6 1/2-1/2

[Event "20e tournoi d'automne"]
[Site "Montigny le Bretonneux"]
[Date "2022.10.28"]
[Round "7.8"]
[White "Beaufils, Philippe"]
[Black "Alata, Aurelien"]
[Result "1-0"]
[WhiteElo "1774"]
[BlackElo "1306"]
[Annotator "Rivier,Sylvain"]
[PlyCount "37"]
[EventDate "2022.??.??"]

{Ouverture du pion dame} 1. d4 Nf6 2. Bg5 e6 3. e4 Be7 4. Bxf6 Bxf6 5. Nf3 c5
6. c3 b6 7. Nbd2 Bb7 8. Bd3 O-O 9. h4 g6 10. e5 Bg7 11. h5 d6 12. hxg6 hxg6 13.
Qc2 dxe5 14. dxe5 Nd7 15. Bxg6 fxg6 16. Qxg6 Re8 17. O-O-O Qc7 18. Ng5 Nxe5 19.
Rh8+ 1-0

[Event "20e tournoi d'automne"]
[Site "Montigny le Bretonneux"]
[Date "2022.10.28"]
[Round "7.9"]
[White "Briquet, Tom"]
[Black "Longbien, Dominique"]
[Result "1-0"]
[WhiteElo "1329"]
[BlackElo "1379"]
[Annotator "Rivier,Sylvain"]
[PlyCount "115"]
[EventDate "2022.??.??"]

{DÃ©fense Caro-Kann, variante d'avance} 1. e4 c6 2. d4 d5 3. e5 Bf5 4. Bd3 Bxd3
5. Qxd3 e6 6. Ne2 c5 7. c3 Qb6 8. O-O Nc6 9. Nd2 Nge7 10. Nf3 Rc8 11. Bd2 cxd4
12. cxd4 Nf5 13. g4 Nfe7 14. Nh4 Nb4 15. Bxb4 Qxb4 16. f4 g6 17. f5 Qb6 18. Qf3
Bh6 19. fxg6 fxg6 20. Qf7+ Kd7 21. Qf3 Rhf8 22. Qd3 Nc6 23. Nf3 Nb4 24. Qb3 Rc2
25. Rae1 Rcc8 26. Nc3 Rf4 27. h3 Rcf8 28. Na4 Qd8 29. Qxb4 Rxf3 30. Qd6+ Ke8
31. Qxe6+ Qe7 32. Qc8+ Qd8 33. Qxd8+ Kxd8 34. Rxf3 Rxf3 35. Kg2 Rd3 36. Nc5 b6
37. Nb3 Rd2+ 38. Nxd2 Bxd2 39. Re2 Bb4 40. Rf2 Ke7 41. a3 Be1 42. Rf6 Bd2 43.
Kf3 Bc1 44. Rc6 Bxb2 45. Rc7+ Ke6 46. Ke3 Bxa3 47. Rxa7 Bc1+ 48. Kd3 b5 49. Rb7
h5 50. Rxb5 hxg4 51. hxg4 g5 52. Rb6+ Ke7 53. Rd6 Bf4 54. Rxd5 Ke6 55. Rd6+ Ke7
56. Rf6 Bc1 57. Rf5 Bf4 58. Rxf4 1-0

[Event "20e tournoi d'automne"]
[Site "Montigny le Bretonneux"]
[Date "2022.10.28"]
[Round "7.10"]
[White "Ganbat, Tushig"]
[Black "Schwartz, Timothee"]
[Result "0-1"]
[WhiteElo "1309"]
[BlackElo "1334"]
[Annotator "Rivier,Sylvain"]
[PlyCount "94"]
[EventDate "2022.??.??"]

{DÃ©fense sicilienne, attaque Canal-Sokolsky} 1. e4 c5 2. Nf3 d6 3. Bb5+ Bd7 4.
Bxd7+ Qxd7 5. O-O Nc6 6. Re1 Nf6 7. Nc3 g6 8. d3 Bg7 9. h3 O-O 10. Be3 Rab8 11.
Qd2 b5 12. Bg5 e6 13. Rab1 b4 14. Nd1 a5 15. Bxf6 Bxf6 16. Ne3 a4 17. Ng4 Bg7
18. Qe2 a3 19. b3 Na7 20. Ne3 Nb5 21. Nd1 Bc3 22. Rf1 Qe7 23. Qe3 Bf6 24. e5
Bg7 25. exd6 Qxd6 26. Re1 Nc7 27. Nd2 Nd5 28. Ne4 Nxe3 29. Nxd6 Nxc2 30. Rf1
Rfd8 31. Ne4 Nd4 32. Nxc5 Rdc8 33. Ne4 Rc2 34. Ne3 Rxa2 35. Kh1 Ra8 36. Ra1
Rxa1 37. Rxa1 Nxb3 38. Ra2 Nc1 39. Rc2 a2 40. Rxc1 a1=Q 41. Rxa1 Rxa1+ 42. Kh2
b3 43. Nc3 b2 44. Nc4 b1=Q 45. Nxb1 Rxb1 46. Kg3 Rb3 47. Ne3 Rxd3 0-1

[Event "20e tournoi d'automne"]
[Site "Montigny le Bretonneux"]
[Date "2022.10.28"]
[Round "7.11"]
[White "Cogez, Celine"]
[Black "Marillonnet, Paul"]
[Result "1/2-1/2"]
[WhiteElo "1651"]
[BlackElo "1278"]
[Annotator "Rivier,Sylvain"]
[PlyCount "82"]
[EventDate "2022.??.??"]

{DÃ©fense sicilienne, variante Alapine} 1. e4 c5 2. c3 a6 3. d4 cxd4 4. cxd4 e6
5. Nc3 Bb4 6. Nf3 h6 7. Bd3 Nf6 8. O-O Nc6 9. h3 d6 10. Be3 O-O 11. Rc1 Bd7 12.
Bb1 Ba5 13. Qc2 e5 14. dxe5 dxe5 15. a3 Rc8 16. Rfd1 Bb6 17. Bxb6 Qxb6 18. Nd5
Qd8 19. Qd3 Be6 20. Nxf6+ Qxf6 21. Rc3 Rfd8 22. Qe2 Rxd1+ 23. Qxd1 Rd8 24. Rd3
Rxd3 25. Qxd3 Qf4 26. Qd2 Qxd2 27. Nxd2 Nd4 28. Kf1 Kf8 29. f3 Ke7 30. Kf2 Kd6
31. Bd3 b5 32. h4 Kc5 33. b4+ Kb6 34. Ke3 a5 35. Nb1 axb4 36. axb4 Nc6 37. Nc3
Nxb4 38. Bxb5 Nc2+ 39. Kd2 Nd4 40. Be2 Kc5 41. Ba6 Nb3+ 1/2-1/2

[Event "20e tournoi d'automne"]
[Site "Montigny le Bretonneux"]
[Date "2022.10.28"]
[Round "7.12"]
[White "Larzilliere, Eric"]
[Black "Daele, Herve"]
[Result "1-0"]
[WhiteElo "1457"]
[BlackElo "1591"]
[Annotator "Rivier,Sylvain"]
[PlyCount "63"]
[EventDate "2022.??.??"]

{Défense Caro-Kann, variante d'avance} 1. e4 c6 2. d4 d5 3. f3 e6 4. Nc3 c5 5.
exd5 exd5 6. dxc5 d4 7. Ne4 Nc6 8. Qe2 Be6 9. Bg5 Qa5+ 10. Bd2 Qc7 11. O-O-O
Nf6 12. Nxf6+ gxf6 13. f4 O-O-O 14. Qh5 f5 15. Nf3 Bxc5 16. Bd3 Bb4 17. g3
Bxd2+ 18. Rxd2 Ne7 19. a3 Qc6 20. Re1 Ng6 21. Bxf5 Kb8 22. Bxe6 fxe6 23. Nxd4
Qd5 24. Qxd5 exd5 25. Red1 Rhe8 26. f5 Ne5 27. Ne6 Rc8 28. Rxd5 Nc4 29. Rd8 Ne3
30. Rxe8 Nxd1 31. Rxc8+ Kxc8 32. Kxd1 1-0

[Event "20e tournoi d'automne"]
[Site "Montigny le Bretonneux"]
[Date "2022.10.28"]
[Round "7.13"]
[White "Danek, Victor"]
[Black "Montay, Jean-Paul"]
[Result "1/2-1/2"]
[WhiteElo "1342"]
[BlackElo "1229"]
[Annotator "Rivier,Sylvain"]
[PlyCount "124"]
[EventDate "2022.??.??"]

{Ouverture anglaise, dÃ©fense Caro-Kann} 1. c4 c6 2. Nc3 d5 3. Nf3 d4 4. Ne4 f5
5. Ng3 Nf6 6. d3 e6 7. a3 a5 8. Bf4 c5 9. e3 Bd6 10. Bxd6 Qxd6 11. Be2 Nc6 12.
O-O O-O 13. Qc2 b6 14. exd4 Nxd4 15. Nxd4 Qxd4 16. Bf3 Rb8 17. Ne2 Qd6 18. Nc3
Bb7 19. Bxb7 Rxb7 20. Rad1 Ng4 21. g3 f4 22. Ne4 Qd4 23. h3 Ne5 24. Qc3 fxg3
25. Qxd4 Nf3+ 26. Kg2 Nxd4 27. fxg3 Nf5 28. Rde1 Rd7 29. g4 Nd4 30. Rxf8+ Kxf8
31. Ng5 Kg8 32. Re4 h6 33. Nxe6 Nxe6 34. Rxe6 Rxd3 35. Rxb6 Kf7 36. Rb5 g5 37.
Rxa5 Rd2+ 38. Kg1 Rxb2 39. Rxc5 Rc2 40. a4 Rc1+ 41. Kf2 Rc2+ 42. Ke1 Ra2 43. a5
Rh2 44. a6 Rxh3 45. a7 Ra3 46. Rc7+ Ke6 47. c5 Kd5 48. Kd2 Kc4 49. Kc2 Kb5 50.
Kb2 Ra4 51. c6 Kb6 52. Re7 Rxa7 53. Rxa7 Kxa7 54. Kc3 Kb6 55. Kd4 Kxc6 56. Ke5
Kd7 57. Kf6 Ke8 58. Kg6 Kf8 59. Kxh6 Kf7 60. Kh5 Kf6 61. Kh6 Kf7 62. Kh7 Kf6
1/2-1/2

[Event "20e tournoi d'automne"]
[Site "Montigny le Bretonneux"]
[Date "2022.10.28"]
[Round "7.14"]
[White "Larzilliere, Yoan"]
[Black "Rauche, Michel"]
[Result "0-1"]
[WhiteElo "1199"]
[BlackElo "1298"]
[Annotator "Rivier,Sylvain"]
[PlyCount "64"]
[EventDate "2022.??.??"]

{Défense sicilienne, étau de Maroczy} 1. e4 c5 2. Nf3 Nc6 3. d4 cxd4 4. Nxd4 g6
5. c4 Bg7 6. Be3 Nf6 7. Nc3 O-O 8. Be2 d6 9. O-O a6 10. a4 Qc7 11. f3 Bd7 12.
b3 Rfd8 13. Qd2 Rab8 14. Rfd1 e6 15. Nc2 Ne8 16. Rab1 Ne7 17. Kh1 b5 18. Na3 b4
19. Ncb5 axb5 20. Nxb5 Bxb5 21. cxb5 Bc3 22. b6 Qb7 23. Qa2 d5 24. a5 d4 25.
Bd2 Nc6 26. Bxc3 dxc3 27. Rxd8 Rxd8 28. Bb5 Nxa5 29. Qxa5 c2 30. Rg1 Rd1 31.
Be2 Rxg1+ 32. Kxg1 c1=Q+ 0-1

[Event "20e tournoi d'automne"]
[Site "Montigny le Bretonneux"]
[Date "2022.10.28"]
[Round "7.15"]
[White "Ndika, Anthony"]
[Black "Aidan, David"]
[Result "1/2-1/2"]
[WhiteElo "1265"]
[BlackElo "1266"]
[Annotator "Rivier,Sylvain"]
[PlyCount "88"]
[EventDate "2022.??.??"]

{DÃ©fense hollandaise} 1. c4 f5 2. Nf3 e6 3. Nc3 Nf6 4. d4 Be7 5. Bf4 a6 6. g3
O-O 7. Bg2 d6 8. O-O Nbd7 9. Qc2 Nb6 10. b3 Rb8 11. Rad1 Bd7 12. Rfe1 Nh5 13.
Bc1 Qe8 14. e3 g5 15. e4 f4 16. gxf4 gxf4 17. e5 Qf7 18. Ne4 Qg7 19. c5 Nd5 20.
Ba3 Kh8 21. Kh1 Rg8 22. Rg1 Qh6 23. cxd6 Ne3 24. fxe3 Ng3+ 25. Nxg3 fxg3 26.
dxe7 Rg4 27. Bf1 Bc6 28. Qg2 Bxf3 29. Rd2 Bxg2+ 30. Rdxg2 Rbg8 31. Rxg3 Rxg3
32. Rxg3 Re8 33. Bg2 c6 34. e4 Qd2 35. Bf3 Qxd4 36. Bd6 Qa1+ 37. Kg2 Qxa2+ 38.
Kh3 Qb1 39. Bh5 Qf1+ 40. Kh4 Qf4+ 41. Kh3 Qh6 42. Kh4 Qf4+ 43. Kh3 Qh6 44. Kh4
Qf4+ 1/2-1/2

[Event "20e tournoi d'automne"]
[Site "Montigny le Bretonneux"]
[Date "2022.10.28"]
[Round "7.16"]
[White "Rosu, Matei"]
[Black "Boye-Monneret, Leonard"]
[Result "1-0"]
[WhiteElo "1118"]
[BlackElo "1199"]
[Annotator "Rivier,Sylvain"]
[PlyCount "61"]
[EventDate "2022.??.??"]

{Défense Caro-Kann, variante d'échange} 1. e4 c6 2. d4 d5 3. exd5 cxd5 4. c4
Nf6 5. Nc3 Bf5 6. Bf4 Nc6 7. Nf3 e6 8. a3 Be7 9. Be2 dxc4 10. Bxc4 O-O 11. O-O
Nd5 12. Nxd5 exd5 13. Be2 Qb6 14. b4 Bf6 15. Be3 Rfe8 16. b5 Ne7 17. a4 Nc8 18.
a5 Qd8 19. Qd2 Nd6 20. Rac1 Ne4 21. Qb4 Be7 22. Qa4 Qd6 23. Ne5 f6 24. Nd3 Bd8
25. Nc5 Bc7 26. g3 b6 27. Nxe4 Bxe4 28. Bf4 Qd7 29. Rxc7 Qh3 30. f3 Bxf3 31.
Bxf3 1-0

[Event "20e tournoi d'automne"]
[Site "Montigny le Bretonneux"]
[Date "2022.10.28"]
[Round "7.17"]
[White "Bisson, Bernard"]
[Black "Yu, Etan"]
[Result "0-1"]
[WhiteElo "1228"]
[BlackElo "1199"]
[Annotator "Rivier,Sylvain"]
[PlyCount "74"]
[EventDate "2022.??.??"]

{Défense sicilienne} 1. e4 c5 2. Nc3 Nc6 3. Nf3 e6 4. d3 d6 5. Be2 Nf6 6. O-O
Be7 7. Rb1 O-O 8. Be3 Bd7 9. Bd2 Qc7 10. Qc1 Rfe8 11. a3 Rad8 12. Nb5 Qc8 13.
Re1 a6 14. Nc3 Qc7 15. Nd1 h6 16. Ne3 b5 17. c3 d5 18. exd5 Nxd5 19. Nxd5 exd5
20. Bf4 Bd6 21. Be3 Bf5 22. Qd2 c4 23. Rbc1 Bh7 24. d4 Re6 25. Bd1 Rde8 26. b3
f5 27. bxc4 bxc4 28. Ba4 f4 29. Bxc6 fxe3 30. fxe3 Qxc6 31. Ne5 Bxe5 32. Qf2
Rf8 33. Qxf8+ Kxf8 34. Rf1+ Kg8 35. Rf2 Bf6 36. Rb2 Bg5 37. Rb8+ Re8 0-1